| 000 | 00545nam a2200181 a 4500 | ||
|---|---|---|---|
| 005 | 20140310183301.0 | ||
| 008 | 041207s19uu xx 00 eng d | ||
| 020 | _a9780749395605 | ||
| 050 |
_aPS 3558.E495187 _b.H498 1997 |
||
| 100 | _aHendricks, Vicki | ||
| 245 |
_aMiami purity / _cVicki Hendricks. |
||
| 260 |
_aGreat Britain : _bMandarin Paperbacks, _c1997. |
||
| 300 |
_a230 p. : _c18 cm. |
||
| 650 |
_aYoung women _xFlorida Miami _xPsychology _xFiction. |
||
| 650 |
_aMan-woman relations _xFiction. |
||
| 942 |
_cBK _2lcc |
||
| 999 |
_c20975 _d20975 |
||